[Event "OMA-ch 11th"]
[Site "Muscat"]
[Date "2024.01.30"]
[Round "8"]
[White "Bait Said, Salim Ahmed"]
[Black "Al Mamari, Ahmed"]
[Result "1-0"]
[WhiteElo "1501"]
[BlackElo "1395"]
[PlyCount "69"]
[EventDate "2024.01.24"]
[EventType "swiss"]
[EventRounds "9"]
[EventCountry "OMN"]
[SourceTitle "CB06_2024"]
[SourceDate "2024.02.07"]
[SourceVersion "1"]
[SourceVersionDate "2024.02.07"]
[SourceQuality "1"]

1. e4 e5 2. Nf3 Nc6 3. d4 exd4 4. Nxd4 Nf6 5. Bg5 Be7 6. Nc3 Nxe4 7. Nxc6 bxc6 8. Nxe4 Bxg5 9. Bd3 Rb8 10. 0-0 0-0 11. Qh5 h6 12. f4 Bf6 13. Rf3 Bd4+ 14. Kh1 f5 15. Ng3 d5 16. Re1 Qf6 17. c3 Bc5 18. Re2 Bd7 19. Rf1 Rf7 20. Rfe1 Rbf8 21. Qf3 g6 22. Nf1 Kg7 23. Bc2 Re7 24. Nd2 Rfe8 25. Ba4 Rxe2 26. Rxe2 Rxe2 27. Qxe2 d4 28. Qc4 dxc3 29. Bb3 h5 30. bxc3 Bd6 31. g3 c5 32. Kg1 h4 33. Nf3 hxg3 34. hxg3 Qf7 35. Qxf7+ 1-0

[Event "OMA-chT"]
[Site "Muscat"]
[Date "2020.01.28"]
[Round "5.8"]
[White "Hardan, Hamid Musallem"]
[Black "Bait Said, Salim Ahmed"]
[Result "1-0"]
[WhiteElo "1831"]
[BlackElo "1512"]
[PlyCount "88"]
[EventDate "2020.01.25"]
[EventType "team-swiss"]
[EventRounds "9"]
[EventCountry "OMN"]
[SourceTitle "CBM 194 Extra"]
[Source "ChessBase"]
[SourceDate "2020.03.31"]
[SourceVersion "1"]
[SourceVersionDate "2020.03.31"]
[SourceQuality "1"]

1. e4 e5 2. Nf3 Nc6 3. Bb5 a6 4. Bxc6 dxc6 5. d3 Bd6 6. h3 Ne7 7. Nc3 Be6 8. Be3 0-0 9. Ng5 Qd7 10. Ne2 Rad8 11. a3 f5 12. Nxe6 Qxe6 13. Nc3 fxe4 14. Nxe4 Nf5 15. Qg4 Qf7 16. 0-0 Nd4 17. Ng5 Qf5 18. Bxd4 exd4 19. Ne6 Qe5 20. f4 Qf6 21. Nxd8 Rxd8 22. Rae1 Qf7 23. f5 Kh8 24. Re6 Be7 25. Rfe1 Bf6 26. Qf4 h6 27. Qe4 Kg8 28. Re8+ Rxe8 29. Qxe8+ Qxe8 30. Rxe8+ Kf7 31. Rb8 b6 32. b4 Ke7 33. Ra8 Kd7 34. Rxa6 Be7 35. Ra8 Bd8 36. Kf2 Bf6 37. Kf3 Kd6 38. Ke4 c5 39. b5 c6 40. a4 cxb5 41. axb5 c4 42. dxc4 Kc5 43. Rc8+ Kb4 44. Kd3 g6 1-0

[Event "OMA-chT"]
[Site "Muscat"]
[Date "2019.07.12"]
[Round "5.2"]
[White "Bait Said, Salim Ahmed"]
[Black "Al Dhiyabi, Mohammed"]
[Result "1-0"]
[WhiteElo "1502"]
[BlackElo "1545"]
[PlyCount "55"]
[EventDate "2019.07.09"]
[EventType "team-swiss"]
[EventRounds "9"]
[EventCountry "OMN"]
[SourceTitle "EXT 2020"]
[Source "ChessBase"]
[SourceDate "2019.10.17"]
[SourceVersion "1"]
[SourceVersionDate "2019.10.17"]
[SourceQuality "1"]
[WhiteTeam "Al Nasr"]
[BlackTeam "Al Suwaiq"]
[WhiteTeamCountry "OMN"]
[BlackTeamCountry "OMN"]

1. e4 c6 2. Nf3 d5 3. exd5 cxd5 4. d4 Bg4 5. Be2 Nf6 6. h3 Bxf3 7. Bxf3 e6 8. 0-0 Be7 9. c4 0-0 10. Nc3 Nc6 11. Re1 h6 12. a3 a5 13. Be3 Qd7 14. c5 Nh7 15. Rb1 Bg5 16. Qd2 Bf6 17. b4 axb4 18. axb4 Ng5 19. Be2 Ra3 20. b5 Ne7 21. Ra1 Rfa8 22. Rxa3 Rxa3 23. Qb2 Ra8 24. Ra1 Rxa1+ 25. Qxa1 Nf5 26. Bd3 Nxd4 27. Bxd4 Bxd4 28. Qa8+ 1-0